| 000 | 00648nam a2200241Ia 4500 | ||
|---|---|---|---|
| 999 |
_c129298 _d129298 |
||
| 001 | 1429 | ||
| 003 | PK-LaUMT | ||
| 005 | 20221025171540.0 | ||
| 008 | 140313s9999 xx 000 0 und d | ||
| 020 | _a876927053 | ||
| 040 | _cPK-LaUMT | ||
| 082 |
_a 657.42 _bHOR-C |
||
| 100 | _aCharles T.Horngren | ||
| 245 |
_aCost accounting : A Managerial emphasis _cCharles T.Horngren<>George Foster<>Srikant M.Datar |
||
| 250 | _a8th | ||
| 260 |
_aNew Delhi, India: _bPrentice-Hall of India, _c1991. |
||
| 300 | _a964 p. | ||
| 546 | _aEN | ||
| 650 | _aAccounting | ||
| 700 | _aGeorge Foster | ||
| 700 | _aSrikant M.Datar | ||
| 942 |
_cSTK2001 _2ddc |
||